| 000 | 005300000a22001690004500 | ||
|---|---|---|---|
| 090 |
_aAR _b03862 |
||
| 245 | 1 | 0 | _aCheck list of the birds of el Parque Nacional Natural de la Macarena, Meta, Colombia |
| 500 | _a<Colección Biocomercio> | ||
| 650 | 1 | 4 |
_aAves _992429 |
| 650 | 1 | 4 |
_aListas de aves _996886 |
| 650 | 1 | 4 |
_aTaxonomía animal _98245 |
| 651 | 4 |
_lParque Nacional Natural La Macarena _dMeta _pColombia _992749 |
|
| 041 | 0 | _aInglés | |
| 100 | 1 |
_aLemke, Thomas O. _994672 |
|
| 942 | _cARTICULO | ||
| 773 | 1 |
_tPreprint _q1-15 _d1977 |
|
| 999 |
_c12897 _d12897 |
||